Random Ord i Namnen på Huvudstäder - Statistics

General Stats
  • This quiz has been taken 211 times
  • The average score is 11 of 21
Answer Stats
Ordet Huvudstaden % Correct
fors Helsingfors
91%
stock Stockholm
91%
hamn Köpenhamn
85%
rom Rom
85%
slava Bratislava
74%
bang Bangkok, Bangui
72%
karta Jakarta
72%
tall Tallinn
72%
buk Bukarest
69%
islam Islamabad
62%
vik Reykjavik
62%
etta Valletta
53%
ond London
43%
amma Amman
40%
ryss Bryssel
33%
haka Dhaka
25%
mana Manama, Managua
25%
saka Lusaka
19%
rusa Jerusalem
18%
anda Luanda
18%
rama Paramaribo
1%
No matching quizzes found
Score Distribution
Percent of People with Each Score
Percentile by Number Answered
Your Score History
You have not taken this quiz